| 000 | 01182nam a2200373 a 4500 | ||
|---|---|---|---|
| 001 | vtls000518804 | ||
| 003 | NLI | ||
| 005 | 20210603140049.0 | ||
| 008 | 110307 1989 ii g 000 1 ben d | ||
| 020 | _cRs.20.00 | ||
| 039 | 9 |
_y201103071952 _zbengal1 |
|
| 040 |
_aNLI _bben _cBengali Division |
||
| 041 | 0 | _aben | |
| 044 | _aii | ||
| 082 |
_a891.443 _222 |
||
| 100 | 1 |
_6880-01 _aদে, অরবিন্দ, ডঃ _9501631 |
|
| 245 | 1 |
_6880-02 _aমা _cডঃ অরবিন্দ দে |
|
| 260 |
_aকলকাতা: _bসি ডি মিডিয়া, _c1989 |
||
| 300 |
_a[5], 216p.: _c22cm. |
||
| 650 |
_aBengali fiction _9925 |
||
| 700 | 1 | _6880-03 | |
| 710 | 1 | _6880-04 | |
| 880 | 1 |
_6100-01/(B _aDe, Arbind, Dr. |
|
| 880 | 1 |
_6245-02/(B _aMa _cDr. Arbind De |
|
| 880 | 1 | _6700-03/(B | |
| 880 | 1 | _6700-04/(B | |
| 887 | _aBaisakhi dhar | ||
| 901 |
_a504625 _b25.2.92 |
||
| 902 | _aB891.443 D681m | ||
| 904 | _aBaisakhi dhar | ||
| 942 |
_2ddc _cBKS |
||
| 949 |
_AVIRTUAITEM _D10008 _X100 _6DBA000050462BEN _e50462 |
||
| 999 |
_aVIRTUA _c441069 _d441069 |
||
| 999 | _aVTLSSORT0080*0200*0400*0410*0440*0820*1000*2450*2600*3000*6500*7000*7100*8800*8801*8802*8803*9010*9020*9040*9992 | ||